[Event "Titled Tue 24th Jun Early"]
[Site "chess.com INT"]
[Date "2025.06.24"]
[Round "6"]
[White "Warchol, Kamil"]
[Black "Cardozo Munar, Carlos Eduardo"]
[Result "1-0"]
[WhiteTitle "FM"]
[BlackTitle "FM"]
[WhiteElo "2113"]
[BlackElo "2052"]
[WhiteFideId "21858241"]
[BlackFideId "4409477"]
[EventDate "2025.06.24"]

1. b4 d5 2. Bb2 Nf6 3. Nf3 g6 4. e3 Bg7 5. c4 O-O 6. a3 a6 7. Nc3 dxc4 8. Bxc4
b5 9. Be2 Bb7 10. O-O Nbd7 11. d4 Re8 12. Rc1 e5 13. dxe5 Nxe5 14. Nxe5 Rxe5 15.
Nb1 Rg5 16. f3 Qe7 17. e4 Nh5 18. Bxg7 Kxg7 19. f4 Rd8 20. Qc2 Rxg2+ 21. Kh1
Bxe4 22. Qc3+ Nf6 23. Bf3 Bxf3 24. Qxf3 Rgd2 25. Nxd2 Rxd2 26. Rcd1 Ra2 27. Rf2
Rxf2 28. Qxf2 Qe4+ 29. Kg1 Ng4 30. Qb2+ Kh6 31. Qd4 Ne3 32. Qxe4 1-0

[Event "Titled Tue 24th Jun Early"]
[Site "chess.com INT"]
[Date "2025.06.24"]
[Round "6"]
[White "Xiong, Jeffery"]
[Black "Murzin, Volodar"]
[Result "1-0"]
[WhiteTitle "GM"]
[BlackTitle "GM"]
[WhiteElo "2639"]
[BlackElo "2666"]
[WhiteFideId "2047640"]
[BlackFideId "44155573"]
[EventDate "2025.06.24"]

1. c4 c6 2. d4 d5 3. Nf3 Nf6 4. cxd5 cxd5 5. Nc3 Nc6 6. Bf4 a6 7. Rc1 Nh5 8. Bd2
Nf6 9. h3 Bf5 10. Bf4 e6 11. e3 Bd6 12. Bxd6 Qxd6 13. Be2 O-O 14. O-O Rfc8 15.
a3 h6 16. Na4 Nd7 17. b4 b5 18. Nc5 Nb6 19. Qb3 Nc4 20. a4 Rcb8 21. a5 Bg6 22.
Qc3 Bh5 23. Rfe1 Bxf3 24. Bxf3 Ra7 25. Rcd1 Rd8 26. e4 dxe4 27. Rxe4 Ne7 28. Rg4
Nd5 29. Bxd5 exd5 30. Re1 Rda8 31. Qf3 Rd8 32. Qe2 Qf6 33. g3 Qd6 34. Rf4 Qg6
35. h4 Qd6 36. h5 Qc6 37. Rf5 Raa8 38. Qf3 Ra7 39. Qf4 Raa8 40. Rxf7 Rf8 41.
Ree7 1-0

[Event "Titled Tue 24th Jun Early"]
[Site "chess.com INT"]
[Date "2025.06.24"]
[Round "6"]
[White "Hernandez Leon, Sergio"]
[Black "Rushbrooke, Remy"]
[Result "1-0"]
[WhiteTitle "CM"]
[WhiteElo "2102"]
[BlackElo "2090"]
[WhiteFideId "2285622"]
[BlackFideId "443590"]
[EventDate "2025.06.24"]

1. e4 c5 2. Nc3 Nc6 3. Bb5 Qc7 4. Nf3 a6 5. Bxc6 Qxc6 6. d4 cxd4 7. Nxd4 Qc7 8.
Nd5 Qd8 9. Bf4 d6 10. Nb3 b5 11. Qd4 Nf6 12. Nxf6+ gxf6 13. O-O e5 14. Qd5 Ra7
15. Be3 Rd7 16. f4 Bb7 17. Qd3 Rg8 18. Rad1 f5 19. Rf2 Bxe4 20. Qe2 Bh6 21. Nd2
Bxc2 22. Rc1 exf4 23. Bxf4+ Re7 24. Qf3 Be4 25. Nxe4 fxe4 26. Qh5 e3 27. Rfc2 e2
28. Qxh6 e1=Q+ 29. Rxe1 Rxe1+ 30. Kf2 Re6 31. Qxh7 Qb6+ 32. Kf1 Rgg6 33. Rc8+
Kd7 34. Qh8 Rgf6 35. g3 Qb7 36. Qd8# 1-0

[Event "Titled Tue 24th Jun Early"]
[Site "chess.com INT"]
[Date "2025.06.24"]
[Round "6"]
[White "Purushothaman, Thirumalai"]
[Black "La Fleur, Zara"]
[Result "1-0"]
[WhiteTitle "FM"]
[BlackTitle "WCM"]
[WhiteElo "2027"]
[BlackElo "1745"]
[WhiteFideId "5012791"]
[BlackFideId "7703848"]
[EventDate "2025.06.24"]

1. e4 e5 2. Nf3 Nc6 3. d4 exd4 4. Bc4 Nf6 5. e5 d5 6. Bb5 Ne4 7. Nxd4 Bd7 8.
Bxc6 bxc6 9. O-O Bc5 10. f3 Ng5 11. Be3 Bb6 12. f4 Ne4 13. f5 O-O 14. Nd2 Nxd2
15. Qxd2 c5 16. Nb3 d4 17. Bg5 Qe8 18. Rae1 Bc6 19. e6 f6 20. Bf4 Qe7 21. Bg3
Rad8 22. Nc1 c4 23. Bf2 Rd5 24. Ne2 Rfd8 25. Qf4 d3 26. cxd3 cxd3 27. Nc3 Bxf2+
28. Qxf2 Rd4 29. Qd2 Re8 30. Qe3 Qc5 31. Rd1 1-0

[Event "Titled Tue 24th Jun Early"]
[Site "chess.com INT"]
[Date "2025.06.24"]
[Round "6"]
[White "Sapocinic, Semion"]
[Black "Mizzi, Jack"]
[Result "1-0"]
[WhiteTitle "FM"]
[BlackTitle "CM"]
[WhiteElo "2296"]
[BlackElo "2107"]
[WhiteFideId "13908693"]
[BlackFideId "5602521"]
[EventDate "2025.06.24"]

1. d4 Nf6 2. Bg5 d5 3. Bxf6 exf6 4. e3 c6 5. Nf3 Qb6 6. Qc1 Bg4 7. Nbd2 Nd7 8.
Bd3 Bd6 9. h3 Bh5 10. O-O Bg6 11. Bxg6 hxg6 12. c4 Qc7 13. Qc2 O-O-O 14. Rac1
dxc4 15. Nxc4 g5 16. d5 c5 17. Nd4 a6 18. Nf5 Bf8 19. Rfd1 g4 20. d6 Qc6 21.
Ne7+ Bxe7 22. dxe7 Rdg8 23. hxg4 Kb8 24. Nd6 Ne5 25. Qxc5 Nf3+ 26. gxf3 Qxf3 27.
Qc7+ Ka8 28. Qxb7+ Qxb7 29. Nxb7 Kxb7 30. Rd7+ Kb6 31. Rcd1 Re8 32. Rd8 Kc7 33.
Kg2 Rxd8 34. Rxd8 Rxd8 35. exd8=Q+ Kxd8 36. Kf3 Kd7 37. Ke4 Ke6 38. b4 g6 39. a4
Kd6 40. Kd4 Kc6 41. f4 Kd6 42. f5 g5 43. e4 Kc6 44. e5 1-0

[Event "Titled Tue 24th Jun Early"]
[Site "chess.com INT"]
[Date "2025.06.24"]
[Round "6"]
[White "Hartge, Gedeon"]
[Black "Aaradhya Das"]
[Result "1-0"]
[WhiteTitle "FM"]
[BlackTitle "WCM"]
[WhiteElo "2328"]
[BlackElo "1786"]
[WhiteFideId "12932116"]
[BlackFideId "33361436"]
[EventDate "2025.06.24"]

1. e4 e5 2. Bc4 Nc6 3. Nc3 g6 4. d3 Bg7 5. f4 d6 6. Nf3 Nge7 7. O-O Na5 8. fxe5
Nxc4 9. dxc4 O-O 10. exd6 cxd6 11. Be3 Bg4 12. Bd4 Nc6 13. Bxg7 Kxg7 14. Kh1 Ne5
15. Qd4 Bxf3 16. gxf3 Kg8 17. Nd5 Qh4 18. Rad1 Rac8 19. b3 f5 20. exf5 Qxd4 21.
Rxd4 Rce8 22. fxg6 Nxf3 23. gxh7+ Kxh7 24. Rf4 Rxf4 25. Nxf4 Nd2 26. Rf2 Re1+
27. Kg2 Ne4 28. Re2 Rxe2+ 29. Nxe2 Kg6 30. Kf3 Nd2+ 31. Kf4 a5 32. h3 Kh5 33.
Ke3 Nf1+ 34. Kd4 Kh4 35. c3 Kxh3 36. Kd5 Kg2 37. Kxd6 Kf3 38. Nd4+ Ke4 39. Kc7
Ne3 40. Kxb7 Kd3 41. Nb5 a4 42. c5 axb3 43. axb3 Kc2 44. c6 Nd5 45. c4 Ne7 46.
Nd4+ Kc3 47. c7 Kxd4 48. c8=Q Nxc8 49. Kxc8 Kc5 50. Kc7 Kb4 51. Kb6 Kxb3 52. c5 1-0

[Event "Titled Tue 24th Jun Early"]
[Site "chess.com INT"]
[Date "2025.06.24"]
[Round "6"]
[White "Harsh, Suresh"]
[Black "Ganichev, Alexander"]
[Result "1-0"]
[WhiteTitle "IM"]
[BlackTitle "FM"]
[WhiteElo "2392"]
[BlackElo "2241"]
[WhiteFideId "45018464"]
[BlackFideId "24143944"]
[EventDate "2025.06.24"]

1. b3 e5 2. Bb2 Nc6 3. c4 Nf6 4. Nf3 e4 5. Nd4 Nxd4 6. Bxd4 d5 7. e3 c5 8. Bxf6
Qxf6 9. Nc3 dxc4 10. bxc4 Qe5 11. Qb1 f5 12. Qb5+ Bd7 13. Qxb7 Rb8 14. Qd5 Bd6
15. Be2 Be6 16. Qc6+ Bd7 17. Qd5 Be6 18. Qc6+ Bd7 19. Qa6 O-O 20. g3 g5 21. Qxa7
Rf7 22. Qa3 f4 23. gxf4 gxf4 24. Rb1 Rbf8 25. Nd1 Qf5 26. Rb6 Be5 27. Qxc5 fxe3
28. Nxe3 Qxf2+ 29. Kd1 Ba4+ 30. Kc1 Qxe2 31. Qxe5 Rf1+ 32. Rxf1 Rxf1+ 33. Nxf1
Qxc4+ 34. Kb2 1-0

[Event "Titled Tue 24th Jun Early"]
[Site "chess.com INT"]
[Date "2025.06.24"]
[Round "6"]
[White "Sarveshwaran V"]
[Black "Herman, Daniel"]
[Result "0-1"]
[WhiteTitle "CM"]
[WhiteElo "2290"]
[BlackElo "1920"]
[WhiteFideId "25699016"]
[BlackFideId "30935008"]
[EventDate "2025.06.24"]

1. e4 e6 2. d4 d5 3. exd5 exd5 4. Nf3 Bd6 5. h3 Bf5 6. Bd3 Ne7 7. O-O O-O 8. Nc3
c6 9. Re1 Bxd3 10. Qxd3 Nd7 11. Ne5 Nxe5 12. dxe5 Bc5 13. Bg5 Qd7 14. Ne4 Bb6
15. Bxe7 Qxe7 16. Nd6 Qh4 17. Qf3 g6 18. Re2 Rab8 19. Kh2 Bc7 20. g3 Qe7 21. c4
Bxd6 22. exd6 Qxd6 23. cxd5 Qxd5 24. Qxd5 cxd5 25. Rd1 Rfd8 26. Red2 Rbc8 27.
Kg2 Rc5 28. b4 Rc4 29. a3 d4 30. Rd3 f5 31. Kf3 Kf7 32. Kf4 Kf6 33. h4 h6 34.
R1d2 g5+ 35. hxg5+ hxg5+ 36. Kf3 g4+ 37. Kf4 Re8 38. Rxd4 Re4+ 39. Rxe4 Rxe4# 0-1

[Event "Titled Tue 24th Jun Early"]
[Site "chess.com INT"]
[Date "2025.06.24"]
[Round "6"]
[White "Ladan, Nicholas"]
[Black "Seder, Mohammed"]
[Result "0-1"]
[BlackTitle "FM"]
[WhiteElo "2218"]
[BlackElo "2075"]
[WhiteFideId "30918855"]
[BlackFideId "11505567"]
[EventDate "2025.06.24"]

1. d4 e6 2. c4 f5 3. Nc3 Bb4 4. g3 Nf6 5. Bg2 O-O 6. Nh3 d5 7. O-O c6 8. Qd3 Ne4
9. f3 Nxc3 10. bxc3 Be7 11. e4 dxc4 12. Qxc4 Kh8 13. Rb1 b6 14. Bf4 Ba6 15. Qxe6
Bxf1 16. Bxf1 Qd7 17. Qc4 b5 18. Qb3 Na6 19. e5 Nc7 20. Ng5 Nd5 21. e6 Qc8 22.
Re1 h6 23. Nf7+ Kh7 24. Bd3 Nxf4 25. gxf4 g6 26. Re5 c5 27. Qxb5 cxd4 28. cxd4
Qc1+ 29. Bf1 Qxf4 30. Qd7 Rfe8 31. Nd6 Qxd4+ 32. Kh1 Qxd6 33. Qxd6 Bxd6 34. Rd5
Rxe6 0-1

[Event "Titled Tue 24th Jun Early"]
[Site "chess.com INT"]
[Date "2025.06.24"]
[Round "6"]
[White "Keatinge-Clay, Adrian"]
[Black "Nusrat Jahan, Alo"]
[Result "1-0"]
[WhiteTitle "FM"]
[BlackTitle "WCM"]
[WhiteElo "2232"]
[BlackElo "1795"]
[WhiteFideId "2011867"]
[BlackFideId "10226826"]
[EventDate "2025.06.24"]

1. d4 d5 2. c4 c6 3. Nc3 Nf6 4. Nf3 e6 5. Bf4 Bd6 6. Bxd6 Qxd6 7. e3 O-O 8. Bd3
a6 9. O-O c5 10. dxc5 Qxc5 11. cxd5 Nxd5 12. Rc1 Nxc3 13. Rxc3 Qh5 14. Qc2 Nc6
15. Rc5 Qh6 16. Ng5 g6 17. Ne4 Qg7 18. Rd1 e5 19. Nd6 Be6 20. Nxb7 Nb4 21. Qa4
Nxd3 22. Rxd3 e4 23. Rdc3 Rab8 24. Rc7 Bd5 25. Qd7 Bxb7 26. Rxb7 Rxb7 27. Qxb7
Qf6 28. Qxe4 Qb6 29. b3 Qa5 30. Qc2 Rd8 31. h3 Qe5 32. Rc8 Qa1+ 33. Kh2 Qe5+ 34.
f4 Qd5 35. Rxd8+ Qxd8 36. Qc4 Qd6 37. Qd4 Qe6 38. e4 h5 39. Qd5 Qb6 40. f5 Qf2
41. fxg6 1-0

[Event "Titled Tue 24th Jun Early"]
[Site "chess.com INT"]
[Date "2025.06.24"]
[Round "6"]
[White "Ilinca, Felix-Antonio"]
[Black "Ersoz, Teoman Guney"]
[Result "1-0"]
[WhiteTitle "IM"]
[BlackTitle "CM"]
[WhiteElo "2431"]
[BlackElo "2052"]
[WhiteFideId "54764998"]
[BlackFideId "44537050"]
[EventDate "2025.06.24"]

1. d4 Nf6 2. c4 e6 3. Nc3 Bb4 4. Qc2 c5 5. dxc5 Na6 6. a3 Bxc3+ 7. Qxc3 Nxc5 8.
Nf3 O-O 9. Qc2 Nce4 10. e3 b6 11. Be2 Bb7 12. O-O d5 13. Rd1 Rc8 14. b3 Qc7 15.
Bb2 Rfd8 16. h3 Qb8 17. Be5 Qa8 18. Qb2 Ba6 19. Rac1 dxc4 20. Rxd8+ Rxd8 21.
Bxc4 Bxc4 22. Rxc4 Rc8 23. Qc2 Rxc4 24. Qxc4 Qb7 25. Nd4 Nd7 26. Bh2 h6 27. f3
Nef6 28. e4 Nc5 29. b4 Ncd7 30. a4 a6 31. h4 a5 32. b5 Nc5 33. Bd6 Nfd7 34. Nc6
Kh7 35. e5 Qc8 36. h5 Nb7 37. Qe4+ Kh8 38. Qf4 Qe8 39. Qd4 Ndc5 40. Bc7 Qd7 41.
Bd6 Qe8 42. Bxc5 Nxc5 43. Nxa5 Qa8 44. Nc6 Qxa4 45. Qd8+ Kh7 46. Ne7 Qa1+ 47.
Kf2 Qb2+ 48. Kg3 Qxe5+ 49. f4 Qe3+ 50. Kh4 Qxf4+ 51. Kh3 Qe3+ 52. g3 f5 53. Qg8# 1-0

[Event "Titled Tue 24th Jun Early"]
[Site "chess.com INT"]
[Date "2025.06.24"]
[Round "6"]
[White "Sharapov, Yevhen"]
[Black "Blackburn, Jonathan L B"]
[Result "1-0"]
[WhiteTitle "GM"]
[BlackTitle "FM"]
[WhiteElo "2375"]
[BlackElo "2207"]
[WhiteFideId "14103133"]
[BlackFideId "1801090"]
[EventDate "2025.06.24"]

1. e4 e6 2. d4 d5 3. Nc3 Nf6 4. e5 Nfd7 5. f4 c5 6. Nf3 Nc6 7. Be3 Be7 8. Qd2
O-O 9. Nd1 cxd4 10. Nxd4 Nc5 11. Nf2 f6 12. exf6 Rxf6 13. Be2 Rg6 14. g3 e5 15.
Nxc6 bxc6 16. fxe5 Bf5 17. O-O Bg5 18. Bxg5 Qxg5 19. Qxg5 Rxg5 20. Bd3 Nxd3 21.
cxd3 d4 22. Rac1 Bd7 23. Rfe1 Re8 24. Rc5 Rg6 25. Rc4 Rge6 26. Rxd4 Bc8 27. Rde4
c5 28. R4e3 Bb7 29. b3 Bd5 30. Nd1 h6 31. Nc3 Bc6 32. R1e2 g5 33. Kf2 Kg7 34.
Ke1 a6 35. Kd2 Kg6 36. Ne4 Bxe4 37. Rxe4 Kf5 38. g4+ Kg6 39. Kc3 h5 40. h3 hxg4
41. hxg4 Rh8 42. Kc4 Rh3 43. Kd5 Re8 44. e6 Rxd3+ 45. Kxc5 a5 46. e7 a4 47. bxa4
Rc3+ 48. Rc4 Rf3 49. Kb6 Rf4 50. Ree4 Rxe7 51. Rxf4 gxf4 52. Rxf4 Re3 53. a5 Ra3
54. a6 Rxa2 55. Rb4 1-0

[Event "Titled Tue 24th Jun Early"]
[Site "chess.com INT"]
[Date "2025.06.24"]
[Round "6"]
[White "Piesik, Piotr"]
[Black "Arslanov, Shamil"]
[Result "0-1"]
[WhiteTitle "IM"]
[BlackTitle "IM"]
[WhiteElo "2436"]
[BlackElo "2410"]
[WhiteFideId "1136194"]
[BlackFideId "4192826"]
[EventDate "2025.06.24"]

1. Nf3 d6 2. d4 e5 3. dxe5 Nc6 4. Bf4 Bg4 5. exd6 Qf6 6. Qc1 Bxd6 7. Bxd6 Qxd6
8. e3 Bxf3 9. gxf3 Ne5 10. Be2 O-O-O 11. Nd2 Ne7 12. f4 Qc6 13. Rg1 N5g6 14. Bf3
Qe6 15. Ne4 c6 16. Bg4 f5 17. Ng5 Qf6 18. Be2 Rhe8 19. Kf1 Nd5 20. c4 Nb4 21.
Qc3 Qe7 22. a3 Na6 23. Nf3 Nxf4 24. Rxg7 Nxe2 25. Rxe7 Nxc3 26. Rxe8 Rxe8 27.
bxc3 Re4 28. Nd2 Rh4 29. Kg2 Nc5 30. h3 Nd3 31. Kg3 Rh6 32. Rd1 Rg6+ 33. Kf3 Kc7
34. Nb3 Ne5+ 35. Kf4 Nxc4 36. Nd4 Nxa3 37. Nxf5 Nb5 38. c4 Nc3 39. Rd3 Ne2+ 40.
Kf3 Ng1+ 41. Ke4 Nxh3 42. f4 Nf2+ 0-1

[Event "Titled Tue 24th Jun Early"]
[Site "chess.com INT"]
[Date "2025.06.24"]
[Round "6"]
[White "Wael Sabry, Mina"]
[Black "Klys, Kacper"]
[Result "0-1"]
[WhiteTitle "FM"]
[BlackTitle "CM"]
[WhiteElo "2107"]
[BlackElo "2218"]
[WhiteFideId "10670173"]
[BlackFideId "21005281"]
[EventDate "2025.06.24"]

1. d4 Nf6 2. Nc3 d5 3. Bf4 e6 4. Nb5 Bb4+ 5. c3 Ba5 6. e3 a6 7. Na3 O-O 8. Bd3
Qe7 9. Ne2 Nbd7 10. O-O e5 11. Bg3 c6 12. b4 Bc7 13. Nb1 Re8 14. Nd2 Bb8 15. Bc2
Nf8 16. a3 Ng6 17. c4 e4 18. Bxb8 Rxb8 19. Ng3 Bg4 20. Qc1 h5 21. Bd1 h4 22.
Bxg4 Nxg4 23. Ne2 Qg5 24. h3 Nh6 25. Re1 Rbc8 26. Nf1 f5 27. a4 Nf7 28. c5 Qh5
29. Nf4 Nxf4 30. exf4 Nd8 31. b5 Ne6 32. Qe3 Qh6 33. bxc6 bxc6 34. Reb1 Qxf4 35.
Rb6 Qc7 36. Rxa6 f4 37. Qc3 Rb8 38. a5 Qd7 39. Rb6 Nc7 40. f3 e3 41. Nh2 Nb5 42.
Qd3 Qe6 43. Re1 Qf6 44. Rd1 e2 45. Re1 Qxd4+ 46. Qxd4 Nxd4 47. Ng4 Rxb6 48. cxb6
Nc2 49. Kf2 Nxe1 50. Kxe1 d4 51. Nf2 c5 52. Ne4 c4 53. a6 d3 54. b7 c3 55. a7 c2
56. Kd2 c1=Q+ 57. Kxc1 e1=Q+ 58. Kb2 Qb4+ 59. Kc1 Qxb7 0-1

[Event "Titled Tue 24th Jun Early"]
[Site "chess.com INT"]
[Date "2025.06.24"]
[Round "6"]
[White "Ghimoyan, Narek"]
[Black "Burmakin, Evgeniy"]
[Result "1/2-1/2"]
[WhiteTitle "CM"]
[BlackTitle "FM"]
[WhiteElo "2273"]
[BlackElo "2110"]
[WhiteFideId "13315412"]
[BlackFideId "4163729"]
[EventDate "2025.06.24"]

1. d4 Nf6 2. Nf3 g6 3. c4 Bg7 4. Nc3 O-O 5. g3 d6 6. Bg2 c5 7. d5 e6 8. O-O exd5
9. cxd5 Nbd7 10. e4 Re8 11. Re1 Ng4 12. h3 Nge5 13. Nxe5 Nxe5 14. Kh2 h5 15. Bf4
c4 16. Bf1 Qd7 17. Bxe5 Bxe5 18. f4 Bg7 19. Qf3 b5 20. a3 a5 21. Bg2 Ba6 22.
Rad1 b4 23. axb4 axb4 24. Ne2 Bxb2 25. Nd4 Bxd4 26. Rxd4 Rab8 27. e5 c3 28. e6
fxe6 29. dxe6 Qe7 30. Qe4 Qf6 31. Rxb4 Rxb4 32. Qxb4 h4 33. Qa4 hxg3+ 34. Kxg3
Re7 35. Qxa6 c2 36. Qc8+ Kg7 37. Qxc2 Rxe6 38. Qc7+ Kh6 39. Rxe6 Qxe6 40. Qd8
Qe3+ 41. Kg4 Qe6+ 42. Kh4 Qe1+ 43. Kg4 Qe2+ 44. Kg3 Qe3+ 45. Kg4 Qe2+ 46. Bf3
Qe6+ 47. Kg3 Qe1+ 48. Kg2 Qd2+ 49. Kh1 Qe1+ 50. Kg2 Qd2+ 51. Kf1 Qd3+ 52. Kf2
Qd2+ 53. Kf1 Qd3+ 54. Be2 Qxh3+ 55. Ke1 Qg3+ 56. Kd1 Qxf4 57. Qh8+ Kg5 58. Qd8+
Kh6 59. Qe7 Qd4+ 60. Ke1 Qg1+ 61. Kd2 Qd4+ 62. Bd3 Qf4+ 63. Kc2 Qf2+ 64. Kb3
Qb6+ 65. Kc2 Qc5+ 66. Kd2 Qf2+ 67. Kc3 Qc5+ 68. Bc4 Qe5+ 69. Qxe5 dxe5 70. Kd3
Kg5 71. Ke4 Kg4 72. Kxe5 g5 73. Be6+ Kg3 74. Bf5 g4 75. Bxg4 1/2-1/2

[Event "Titled Tue 24th Jun Early"]
[Site "chess.com INT"]
[Date "2025.06.24"]
[Round "6"]
[White "Tang, Andrew"]
[Black "Liu, Xiangyi"]
[Result "1-0"]
[WhiteTitle "GM"]
[BlackTitle "IM"]
[WhiteElo "2529"]
[BlackElo "2370"]
[WhiteFideId "2059630"]
[BlackFideId "8605718"]
[EventDate "2025.06.24"]

1. d4 Nf6 2. Bf4 b6 3. e3 Bb7 4. a4 e6 5. Nf3 c5 6. a5 bxa5 7. Nc3 cxd4 8. Nxd4
Bb4 9. Nb5 Nd5 10. Nd6+ Bxd6 11. Bxd6 Qb6 12. Ba3 Nb4 13. Nb5 O-O 14. c3 a6 15.
Nd6 Bd5 16. Nc4 Bxc4 17. Bxc4 Rc8 18. Be2 N4c6 19. Qd6 Qc7 20. O-O-O Qxd6 21.
Bxd6 a4 22. Kc2 Na5 23. Rd4 Nb7 24. Bxb8 Raxb8 25. Bxa6 d5 26. Bxb7 Rxb7 27.
Rxa4 Rcb8 28. b4 Rc7 29. Rb1 Rbc8 30. Rb3 Rc4 31. Kd3 h5 32. f3 h4 33. Ra7 h3
34. g3 g5 35. b5 e5 36. b6 e4+ 37. fxe4 dxe4+ 38. Kc2 1-0

[Event "Titled Tue 24th Jun Early"]
[Site "chess.com INT"]
[Date "2025.06.24"]
[Round "6"]
[White "Borges, Wagner da Silva"]
[Black "Sobek, Jaroslav"]
[Result "0-1"]
[WhiteTitle "CM"]
[BlackTitle "FM"]
[WhiteElo "2062"]
[BlackElo "2195"]
[WhiteFideId "2100401"]
[BlackFideId "301388"]
[EventDate "2025.06.24"]

1. e4 c5 2. Nf3 a6 3. d4 cxd4 4. Nxd4 Nf6 5. Nc3 e5 6. Nf3 Bb4 7. Bd2 d6 8. Bd3
Bg4 9. h3 Bh5 10. g4 Bg6 11. g5 Bxc3 12. gxf6 Bxd2+ 13. Qxd2 Qxf6 14. Qe3 Nc6
15. O-O-O Qe6 16. Kb1 Nb4 17. b3 Nxd3 18. Qxd3 Rd8 19. Nh4 O-O 20. Rhg1 Rd7 21.
Rg3 Rfd8 22. Rdg1 d5 23. Qe3 Qf6 24. Nxg6 hxg6 25. f3 dxe4 26. Qxe4 Qd6 27. Kb2
Qd4+ 28. Qxd4 Rxd4 29. Re1 R8d5 30. Rg5 Rf4 31. Re3 Rh4 32. Rgxe5 Rxe5 33. Rxe5
Rxh3 34. f4 Rf3 35. Re7 Rxf4 36. Rxb7 g5 37. Re7 g4 38. Re2 f5 39. c4 g3 40. Kc3
Rf2 41. Re8+ Kf7 42. Re1 g2 43. Rg1 Rxa2 44. c5 Ke6 0-1

[Event "Titled Tue 24th Jun Early"]
[Site "chess.com INT"]
[Date "2025.06.24"]
[Round "6"]
[White "Grandelius, Nils"]
[Black "Cahaya, Satria Duta"]
[Result "1-0"]
[WhiteTitle "GM"]
[BlackTitle "FM"]
[WhiteElo "2643"]
[BlackElo "2386"]
[WhiteFideId "1710400"]
[BlackFideId "7124252"]
[EventDate "2025.06.24"]

1. d4 Nf6 2. Nf3 g6 3. Nbd2 d5 4. e3 Bg7 5. b4 O-O 6. Bb2 b6 7. Be2 Bb7 8. O-O
Ne4 9. b5 c5 10. bxc6 Nxc6 11. Nxe4 dxe4 12. Nd2 e5 13. c3 f5 14. Rc1 Kh8 15.
Qa4 h5 16. Ba3 Re8 17. Nc4 Bf8 18. Bxf8 Rxf8 19. Rfd1 exd4 20. cxd4 Qd5 21. f4
Rac8 22. Qa3 Rfd8 23. h3 Kg7 24. Kh2 Rc7 25. Ne5 Rdc8 26. Bc4 Qa5 27. Qd6 Nxe5
28. dxe5 Kh6 29. Qf6 Rg7 30. e6 Qb4 31. Rd7 Rcg8 32. Bb3 Bc6 33. Rxc6 Qe1 34.
Qg5+ Kh7 35. Rxg7+ Rxg7 36. e7 h4 37. e8=Q a5 38. Qexg6+ Kh8 39. Rc8+ Rg8 40.
Q5h6# 1-0

[Event "Titled Tue 24th Jun Early"]
[Site "chess.com INT"]
[Date "2025.06.24"]
[Round "6"]
[White "Milare, Tyron"]
[Black "Frempong-Smart Daniel"]
[Result "1-0"]
[WhiteTitle "FM"]
[BlackTitle "CM"]
[WhiteElo "2248"]
[BlackElo "1841"]
[WhiteFideId "12987018"]
[BlackFideId "12601659"]
[EventDate "2025.06.24"]

1. d4 Nf6 2. Nf3 d5 3. g3 e6 4. Bg2 Be7 5. O-O O-O 6. Re1 b6 7. Ne5 Bb7 8. Nd2
c5 9. dxc5 Qc7 10. Nd3 bxc5 11. e4 c4 12. Nf4 d4 13. e5 Nd5 14. Nh5 g6 15. Ne4
gxh5 16. Qxh5 f5 17. exf6 Nxf6 18. Nxf6+ Bxf6 19. Bf4 e5 20. Rxe5 Bxg2 21. Rg5+
Bxg5 22. Bxc7 Bf6 23. Kxg2 Nc6 24. Qd5+ Rf7 25. Qxc6 Rc8 26. Re1 Rcxc7 27. Re8+
Kg7 28. Qe6 Rce7 29. Qg4+ Kh6 30. Rg8 Rg7 31. Qf4+ Bg5 32. Qd6+ Rg6 33. Rxg6+
hxg6 34. h4 1-0

[Event "Titled Tue 24th Jun Early"]
[Site "chess.com INT"]
[Date "2025.06.24"]
[Round "6"]
[White "Jake Shanty"]
[Black "Henriquez Villagra, Cristobal"]
[Result "0-1"]
[WhiteTitle "FM"]
[BlackTitle "GM"]
[WhiteElo "2252"]
[BlackElo "2597"]
[WhiteFideId "33478066"]
[BlackFideId "3409350"]
[EventDate "2025.06.24"]

1. Nf3 d5 2. e3 Nd7 3. c4 c6 4. Nc3 e6 5. b3 Ngf6 6. Bb2 Bd6 7. d4 Ne4 8. cxd5
Nxc3 9. Bxc3 exd5 10. Bd3 O-O 11. O-O Qe7 12. Qc2 g6 13. Rab1 a5 14. Rfe1 f5 15.
Qd2 Nf6 16. Ne5 Ne4 17. Bxe4 fxe4 18. Bxa5 Be6 19. Bc3 Qg5 20. Rf1 Bxe5 21. dxe5
Bh3 22. g3 Bxf1 23. Rxf1 Kf7 24. Bb4 Rfe8 25. Bd6 Kg8 26. a4 Rad8 27. Qb4 Rd7
28. f4 Qf5 29. Kg2 h5 30. h3 Ra8 31. Qd2 Rf7 32. Qe2 Qe6 33. g4 hxg4 34. hxg4
Rh7 35. Rh1 Rxh1 36. Kxh1 Kg7 37. Kg2 Rh8 38. Kg3 Kg8 39. Qd2 Rh1 40. Qa5 Qc8
41. f5 gxf5 42. gxf5 Kh7 43. Kf4 Rh4+ 44. Kg5 Rh3 45. e6 Qg8+ 46. Kf4 Qg3# 0-1

[Event "Titled Tue 24th Jun Early"]
[Site "chess.com INT"]
[Date "2025.06.24"]
[Round "6"]
[White "Gajic, Mladen"]
[Black "Caku, Kler"]
[Result "1-0"]
[WhiteTitle "FM"]
[BlackTitle "WFM"]
[WhiteElo "2246"]
[BlackElo "2010"]
[WhiteFideId "1709178"]
[BlackFideId "4704703"]
[EventDate "2025.06.24"]

1. e4 e5 2. d4 exd4 3. Qxd4 Nc6 4. Qe3 d6 5. Nc3 Nf6 6. Bd2 Be6 7. O-O-O Be7 8.
f4 a6 9. f5 Bd7 10. h3 Ne5 11. g4 h6 12. Be2 b5 13. Nf3 b4 14. Nd5 Nxd5 15. exd5
Bf6 16. Bxb4 Rb8 17. Bc3 Qe7 18. Bxe5 dxe5 19. h4 Qb4 20. Qb3 O-O 21. Qxb4 Rxb4
22. g5 Bd8 23. Nxe5 Bxf5 24. Nc6 Rf4 25. gxh6 Rxh4 26. hxg7 Bg5+ 27. Kb1 Re8 28.
Bxa6 Rxh1 29. Rxh1 Be4 30. Rh8+ Kxg7 31. Rxe8 Bxd5 32. Nd4 c5 33. Nf5+ Kf6 34.
Nd6 Bf4 35. Bc4 Bc6 36. Rc8 Bd7 37. Rc7 Be6 38. Bxe6 fxe6 39. Ne8+ Kf5 40. Rxc5+
e5 41. a4 Be3 42. Rd5 Ke4 43. c4 Bd4 44. a5 Ba7 45. a6 Kf4 46. Nf6 e4 47. Nxe4
Kxe4 48. b4 1-0

[Event "Titled Tue 24th Jun Early"]
[Site "chess.com INT"]
[Date "2025.06.24"]
[Round "6"]
[White "King, Alexander"]
[Black "Chen, Ryo"]
[Result "0-1"]
[WhiteTitle "FM"]
[BlackTitle "IM"]
[WhiteElo "2263"]
[BlackElo "2395"]
[WhiteFideId "2063620"]
[BlackFideId "7003072"]
[EventDate "2025.06.24"]

1. g3 Nf6 2. Bg2 g6 3. c4 Bg7 4. Nc3 O-O 5. e4 d6 6. Nge2 c5 7. O-O Nc6 8. d3
Ne8 9. Rb1 Nc7 10. a3 a5 11. Be3 Ne6 12. Qd2 Ned4 13. Bh6 Bg4 14. f3 Bd7 15.
Bxg7 Kxg7 16. Nxd4 Nxd4 17. b4 axb4 18. axb4 b6 19. f4 Ra3 20. Kh1 Bc6 21. Ne2
Qa8 22. Nxd4 cxd4 23. Rfd1 Qa4 24. Rb2 Ra8 25. Rdb1 Ra1 26. h4 Rxb1+ 27. Rxb1
Qa3 28. e5 Bxg2+ 29. Kxg2 dxe5 30. fxe5 b5 31. cxb5 Qa7 32. Rf1 Qb7+ 33. Kh3
Qxb5 34. Qf4 Qd5 35. e6 Qxe6+ 36. Kh2 Ra2+ 37. Kg1 Qd5 38. Rf2 Ra1+ 39. Rf1
Rxf1+ 40. Qxf1 Qd6 41. Qe1 e5 42. Kh2 f5 43. Kg2 Qd5+ 44. Kh2 e4 45. dxe4 fxe4
46. b5 d3 47. b6 d2 48. Qa1+ Kh6 49. Qf6 d1=Q 50. Qf8+ Kh5 51. g4+ Qxg4 52. Qh6+
Kxh6 0-1